| 000 | 00479nam a2200169 a 4500 | ||
|---|---|---|---|
| 001 | 3624 | ||
| 003 | CDMR | ||
| 005 | 20130320104929.0 | ||
| 008 | 130130s1998||||||||||||||||||||||||||||d | ||
| 020 | _a8489727864 | ||
| 040 |
_aCDMR _bcat _cCPC LLEIDA |
||
| 245 | 1 | 0 |
_aToponimia _b: más allá de las fronteras lingüísticas _cJavier TERRADO |
| 260 |
_aLleida _c1998 _bUniversitat de Lleida |
||
| 490 | 0 | _aQuaderns de Sintagma | |
| 700 | 1 |
_92585 _aTerrado, Javier _eed. |
|
| 942 |
_cMON _2udc |
||
| 999 |
_c3624 _d3624 |
||